000 00468pab a2200157 454500
008 180718b1995 xxu||||| |||| 00| 0 eng d
100 _aVandlik, John M.
245 _aVoting for smokey bear
_bpolitical accountability and the new chief of the forest service
260 _c1995
300 _ap.284-92
362 _aMay-Jun
650 _aGovernment executives - U.S.A.
650 _aCivil service - U.S.A.
773 _aPublic Administration Review
909 _a28596
999 _c28596
_d28596